000 00337nam a2200145Ia 4500
008 230718s9999 xx 000 0 und d
041 _aEng.
082 _a34254
_bARI-L
100 _aArif, Raja Muhammad
245 0 _aLocal Government Laws
260 _aPakistan
_bLaw Publisher
_c2003
300 _a484
650 _aLaw
999 _c28632
_d28632